Tekst piosenki "Impreza" - Statystyki

Ogólne statystyki
  • Ten quiz został rozwiązany 87 razy
  • Średni wynik to 21 z 37
Statystyki odpowiedzi
Hint Odpowiedź % Poprawnych
Nie wierze, afera, uuu, ... impreza
96%
... Impreza
96%
Nie wierze, afera, uuu, ... impreza
96%
... Impreza
96%
Nie wierze (nie wierze), afera, uuu, ... impreza
96%
Nie wierze, ... , ziomka chyba zbiera afera
94%
Nie wierze, ... , ziomka chyba zbiera afera
94%
Nie wierze, ... , ziomka chyba zbiera afera
94%
Człowieku porywam Twoich ludzi ... na melanż
74%
Z prawej ... kolega rzyga
74%
... ! Skacz
72%
Ten pojeb kręci story że już poznał ... rapera
71%
Dobrze wiesz co ... robić
71%
Powiedz, ile widzisz ... barw
65%
Chłopie mamy ... problem
65%
... powiedz proszę skąd Ty wziąłeś taki (taki) mood Sobel
65%
Chyba na niego to ... za mocne
65%
Białe ... ust i oczy nie chcą żebyś spał kąciki twych
57%
Co, co, co, co się dzieje z ... mózgiem
57%
Oczy latają, ... , jakbyś zmarł skóra blada
56%
Dla niego to już raczej ... nie istotne
54%
Taką ... głową porywamy taki tłum porytą
54%
Z lewej suka ... daje dupy
53%
Bo tutaj jeden, drugi, trzeci to ... umiera po belach
46%
To nie dupa to jest ... ej dupsko ziomek
44%
Chyba dla niego to ... już koniec
38%
Biorę koleżankę, bo mój brat ... potrzebuje dup
38%
... , takie jazdy na bani że to staje sie już chore Skumaj ziomek
37%
Bez kitu ... chory człowiek
31%
Biorę koleżankę, bo mój brat ... ma drogi ciuch
29%
Nadal ... (yea) nabieraj
26%
Jak ciągnie mnie za sobą znaczy w ... ma już dobrze glowie
18%
Co ... ? jest
13%
W ... nadal nabieraj (yea) płucach dużo dymu
12%
Jak mam codziennie być skuty jeśli ... głowa ciągle płonie
9%
Jak mam zebrać się ... w mojej głowie do kupy po tym gównie
3%
Chciałem robić dobrze ale ... zabieraj łeb
1%
Nie znaleziono quizów pasujących do podanych kryteriów
Rozkład punktacji
Procent ludzi z każdym wynikiem
Percentyl według liczby udzielonych odpowiedzi
Twoja historia wyników
Nie rozwiązałeś tego quizu